Presidential Mini-Criteria Quiz Stats

 Plays Quiz Updated Mar 22, 2020

Support Sporcle.
Go Orange.
Score 0/6 Timer 02:00
3 Plays Today
% Correct
???
100%
???
76%
???
65.7%
???
63.7%
???
60.2%
???
60.2%

From the Vault

Finish the Movie with a Movie II

by strokes_static

Movies 4m
Imagine if every movie just ended by rolling directly into another movie.
Remove Ads.
Support Sporcle.
Get the best of Sporcle when you Go Orange. This ad-free experience offers more features, more stats, and more fun while also helping to support Sporcle. Thank you for becoming a member.

Show Comments

Extras

Top Quizzes Today


Score Distribution

Your Account Isn't Verified!

In order to create a playlist on Sporcle, you need to verify the email address you used during registration. Go to your Sporcle Settings to finish the process.

Report this User

Report this user for behavior that violates our Community Guidelines.

Details: